| Tag |
First Indicator |
Second Indicator |
Subfields |
| LEADER |
00000cam a2200000 4500 |
| 001 |
in00003834513 |
| 005 |
20190415190733.0 |
| 006 |
m o d |
| 007 |
cr |n||||||||n |
| 008 |
930222s1715 enk|||| o 00||||eng c |
| 035 |
|
|
|a (CU-RivES)T216983
|
| 035 |
|
|
|a (Uk-ES)006311441
|
| 035 |
|
|
|a (OCoLC)510592071
|
| 040 |
|
|
|a Uk-ES
|c Uk-ES
|d CStRLIN
|d Cengage Gale
|d UtOrBLW
|
| 245 |
0 |
2 |
|a A Score of questions submitted to all honest clergymen, gentlemen and others.
|
| 264 |
|
1 |
|a [London?] :
|b [publisher not identified],
|c [1715?]
|
| 300 |
|
|
|a 1 online resource (4 pages)
|
| 336 |
|
|
|a text
|b txt
|2 rdacontent
|
| 337 |
|
|
|a computer
|b c
|2 rdamedia
|
| 338 |
|
|
|a online resource
|b cr
|2 rdacarrier
|
| 500 |
|
|
|a Drop-head title.
|
| 509 |
|
|
|a Date from Bodleian catalogue
|
| 510 |
4 |
|
|a English Short Title Catalog,
|c T216983.
|
| 500 |
|
|
|a Reproduction of original from Bodleian Library (Oxford).
|
| 500 |
|
|
|a Electronic resource.
|
| 650 |
|
0 |
|a Heresy
|v Early works to 1800.
|
| 655 |
|
7 |
|a Electronic books.
|2 local
|
| 710 |
2 |
|
|a Gale (Firm)
|0 http://id.loc.gov/authorities/names/no2008071348
|
| 752 |
|
|
|a Great Britain
|b England
|d London.
|
| 856 |
4 |
0 |
|u http://proxy.library.tamu.edu/login?url=http://find.galegroup.com/ecco/infomark.do?contentSet=ECCOArticles&docType=ECCOArticles&bookId=1676602400&type=getFullCitation&tabID=T001&prodId=ECCO&docLevel=TEXT_GRAPHICS&version=1.0&source=library&userGroupName=txshracd2898
|z Connect to the full text of this electronic book
|t 0
|
| 999 |
f |
f |
|s 736f1db0-820a-3d29-b83d-a2decdf7450a
|i 18c6a612-e4a1-35ae-b1ef-7fcde5e9ba0d
|t 0
|
| 952 |
f |
f |
|a Texas A&M University
|b College Station
|c Electronic Resources
|d Available Online
|t 0
|h No information provided
|
| 998 |
f |
f |
|t 0
|l Available Online
|